000 00687nam a2200229 i 4500
001 bgj
245 1 0 _aGurs - ein Internierungslager in Südfrankreich 1939-1943 :
_bliterarische Zuegnisse, Briefe, Berichte /
_cMichael Philipp (hrsg.).
260 _aHamburg :
_bHamburger Institut für Sozialforschung,
_c1991.
300 _a191, [1] s. :
_bil. ;
_c21 cm.
504 _aBibliogr. s. 86-87.
650 9 _aHolocaust
650 9 _aŻydzi
_zFrancja
_y1939-1945
700 1 _aPHILIPP, Michael.
020 _a3926736062
040 _cBPK
041 0 _ager
044 _aDEU
080 _a93/94
920 _a3-926736-06-2
942 _cKS
008 s gw f |000 0 ger
999 _c50041
_d50041
856 _uhttp://koha.tu.koszalin.pl/cgi-bin/koha/opac-detail.pl?biblionumber=50041
_yKatalog online BPK